000 00513nam a22002177a 4500
003 UA-OsUOA
001 38541
007 ta
008 20060516b un ||||| |||| 00| 0 ukr d
100 _aЯковенко Володимир
090 _a32
_bЯ11
942 _cSA
040 _aUA-OsUOA
_bukr
_cUA-OsUOA
_dUA-OsUOA
245 _aАвторська школа над Россю
300 _a7 с.
955 _a0
041 _aukr
080 _a32
773 0 _w38539
650 7 _a32 Політика
_2UDC
999 _c324696
_d324696